00387nam a22001457a 4500003000400000008004100004020001800045082001800063100002200081245004300103250001200146260005700158300001100215650001500226OSt250711b |||||||| |||| 00| 0 eng d a9788189253004 a150.15195 GAS aGARRETT, Henry E. aStatistics in Psychology and Education aReprint aNew Delhi,bParagon International Publishers,c2024, a491 p. aPsychology